01208nam a22002657a 450000500170000001000190001702000490003603500180008508200140010310000280011724500560014525000620020126000600026330000580032350001120038150000220049350500500051561000260056565000310059170000170062294200280063999900190066795201280068695201280081420180604170829.0 aENG-123144-145 a9788180384363 (set)c5495.00 (set of 2vols.) aEN-106676-677 a342.540231 aBasu, Durga Das,d1910-10aShorter constitution of India /cby Durga Das Basu. a15th ed. /bthoroughly rev. & revitalised by A K Patnaik, aGurgaon :bLexisNexis Butterworths Wadhwa Nagpur,c2018 a2 v. (cdlxxi, 918p.; cxviii, 919-2212p.) c25 cm.(Hb) aIncorporating the latest amendments brought by the Constitution (One Hundred and First Amendment) Act, 2016 aIncludes indexes.0 av. 1. Art. 1 to 151 -- v. 2. Art. 152 to end.10aIndia.tConstitution. 0aConstitutional lawzIndia. aPatnaik, A K 2ddccENh342.54023mBAS c152525d152525 001040718NFICaDBADbBNd2018-06-04eDBAD/PUBg5495.00l0o342.54023 BASpEN-106676r2018-06-04 00:00:00t1v5495.00yEN 001040718NFICaDBADbBNd2018-06-04eDBAD/PUBg5495.00l0o342.54023 BASpEN-106677r2018-06-04 00:00:00t1v5495.00yEN